|
|
|
|
| LEADER |
01584nam a22002657a 4500 |
| 001 |
41191 |
| 003 |
BD-DhAAL |
| 005 |
20230515141754.0 |
| 008 |
230514t2010 ko a|||| |||| 00| 0 kor d |
| 020 |
|
|
|a 9788950926625
|
| 040 |
|
|
|a BD-DhAAL
|d BD-DhAAL
|
| 082 |
|
|
|a 650.1
|
| 100 |
|
|
|a Jin-hong, Jeong
|9 54208
|
| 245 |
|
|
|a Meet management in the forest of humanities /
|n Volume 3,
|c Jung Jin- Jeong.
|
| 260 |
|
|
|a Paju, South Korea :
|b 21 North 21st Century Books,
|c 2010.
|
| 300 |
|
|
|a 351 pages :
|b illustrations :
|c 22 cm.
|
| 362 |
|
|
|a Vol. 3
|
| 505 |
|
|
|a Chapter 1 ― History, the duo of prosperity and decline Heungryungsa
Chapter 2 ― Creativity, the power to create a new culture
Chapter 3 ― Digital, rule the empire of the senses
Chapter 4 Chapter ― Story, the power that captivates the future society
Chapter 5 – Desire, a market that never gets saturated
Chapter 6 – Temptation, the silent occupation force
Chapter 7 – Manners, the key to unlocking the heart
Chapter 8 – War, people first
Chapter 9 - Do not kneel in front of adventure, defeat Chapter 10 - History
, the duet of prosperity and decline_History of Decline
|
| 541 |
|
|
|a Complimentary copy from Dr. Sang Hoon Lee, Dean of Brac Business School, Brac University
|e 41191
|
| 650 |
|
|
|a Business.
|
| 650 |
|
|
|a Management.
|
| 852 |
|
|
|a Ayesha Abed Library
|c General Stacks
|
| 942 |
|
|
|2 ddc
|c BK
|
| 999 |
|
|
|c 45750
|d 45750
|
| 952 |
|
|
|0 0
|1 0
|2 ddc
|4 0
|6 650_100000000000000_JIN
|7 0
|9 73627
|a BRACUL
|b BRACUL
|c GEN
|d 2023-05-14
|e Complimentary copy from Dr. Sang Hoon Lee
|l 0
|o 650.1 JIN
|p 3010041191
|r 2023-05-14
|t 1
|w 2023-05-14
|y BK
|